[Event "20th NATO Chess Ch"]
[Site "Hammelburg"]
[Date "2009.06.16"]
[Round "2.9"]
[White "Franck, Boris"]
[Black "Moen, Steinar"]
[Result "0-1"]
[WhiteElo "2122"]
[BlackElo "2214"]
[PlyCount "49"]
[EventDate "2009.06.??"]
[EventType "swiss"]
[EventRounds "7"]
[EventCountry "GER"]
[SourceDate "2000.01.03"]

1. e4 e6 2. Nf3 d5 3. e5 c5 4. b4 c4 5. c3 a5 6. b5 Nd7 7. d4 cxd3 8. Bxd3 f6
9. exf6 Ngxf6 10. Bf4 Nc5 11. O-O Be7 12. Re1 O-O 13. Ne5 Bd6 14. f3 Qc7 15.
Bg3 Nh5 16. f4 Nxf4 17. Bxf4 Rxf4 18. Bxh7+ Kxh7 19. Qh5+ Kg8 20. Ng6 Nd3 21.
g3 Rf6 22. Nd2 Nxe1 23. Nb3 Qxc3 24. Qe2 Nf3+ 25. Kg2 0-1

[Event "20th NATO Chess Ch"]
[Site "Hammelburg"]
[Date "2009.06.16"]
[Round "2.10"]
[White "Schott, Guido"]
[Black "Narman, Gökhan"]
[Result "1-0"]
[WhiteElo "2196"]
[BlackElo "2120"]
[PlyCount "83"]
[EventDate "2009.06.??"]
[EventType "swiss"]
[EventRounds "7"]
[EventCountry "GER"]
[SourceDate "2000.01.03"]

1. e4 e6 2. d3 c5 3. Nf3 Nc6 4. g3 Nge7 5. Bg2 g6 6. O-O Bg7 7. Re1 d6 8. c3 e5
9. Be3 O-O 10. Na3 h6 11. Qd2 Kh7 12. d4 b6 13. d5 Nb8 14. b4 Nd7 15. h3 f5 16.
Rac1 fxe4 17. Nh2 Nf6 18. bxc5 bxc5 19. c4 Nf5 20. Rb1 Nxe3 21. Qxe3 h5 22. Nc2
Bf5 23. Rb7 Rb8 24. Reb1 Rxb7 25. Rxb7 Qc8 26. Qb3 Bxh3 27. Ne3 Bd7 28. Rxa7
Qb8 29. Rb7 Qa8 30. Rb6 Ba4 31. Qb1 Qa5 32. Nhf1 Bh6 33. Rb7+ Bg7 34. Bxe4 Nxe4
35. Qxe4 Qe1 36. Rxg7+ Kxg7 37. Nf5+ gxf5 38. Qxe1 f4 39. gxf4 Rxf4 40. Ne3 Bd7
41. Qa5 Kf7 42. Qd8 1-0

[Event "20th NATO Chess Ch"]
[Site "Hammelburg"]
[Date "2009.06.16"]
[Round "2.12"]
[White "Skindzier, Saturnin"]
[Black "Razola, Garcia Joaquin"]
[Result "0-1"]
[WhiteElo "2186"]
[BlackElo "2106"]
[PlyCount "82"]
[EventDate "2009.06.??"]
[EventType "swiss"]
[EventRounds "7"]
[EventCountry "GER"]
[SourceDate "2000.01.03"]

1. d4 Nf6 2. Nf3 e6 3. Bf4 b6 4. e3 Bb7 5. Bd3 Be7 6. Nbd2 O-O 7. c3 d6 8. Qe2
Nbd7 9. h3 Re8 10. e4 e5 11. Bh2 exd4 12. cxd4 d5 13. e5 Ne4 14. O-O f5 15.
Rac1 c6 16. Rc2 Nf8 17. Rfc1 Ne6 18. Ba6 Bxa6 19. Qxa6 c5 20. Nb3 c4 21. Nbd2
g5 22. b3 c3 23. Nxe4 fxe4 24. Ne1 Nxd4 25. Rxc3 Ne6 26. Qe2 Ba3 27. Rd1 Bc5
28. Nc2 d4 29. b4 Qe7 30. bxc5 dxc3 31. Qxe4 bxc5 32. Ne3 Rad8 33. Rd6 Qf7 34.
Nf5 Kh8 35. Bg3 Qg6 36. Qg4 Rxd6 37. Nxd6 Rb8 38. Kh2 c2 39. Qc4 Rb1 40. Qd5
c1=Q 41. Qa8+ Qg8 0-1

[Event "20th NATO Chess Ch"]
[Site "Hammelburg"]
[Date "2009.06.16"]
[Round "2.13"]
[White "Bonnelykke, Ole"]
[Black "Mueller, Jason"]
[Result "1/2-1/2"]
[WhiteElo "2101"]
[BlackElo "2174"]
[PlyCount "65"]
[EventDate "2009.06.??"]
[EventType "swiss"]
[EventRounds "7"]
[EventCountry "GER"]
[SourceDate "2000.01.03"]

1. e4 c5 2. Nc3 Nc6 3. g3 g6 4. Bg2 Bg7 5. d3 e6 6. f4 Nge7 7. Nf3 d5 8. O-O
O-O 9. Bd2 Rb8 10. Qc1 b5 11. Rd1 Nd4 12. Nxd4 cxd4 13. Ne2 dxe4 14. dxe4 Qb6
15. Kh1 Rd8 16. Be1 e5 17. Bf2 Bg4 18. Re1 Qc7 19. h3 Bxe2 20. Rxe2 Bh6 21. Qg1
exf4 22. gxf4 Bxf4 23. Bxd4 Qc4 24. Rf2 Qxd4 25. Rxf4 Nc6 26. Raf1 Ne5 27. c3
Qxg1+ 28. Kxg1 Rd2 29. R4f2 Rbd8 30. b3 Rxf2 31. Rxf2 Rd1+ 32. Rf1 Rd2 33. Rf2
1/2-1/2

[Event "20th NATO Chess Ch"]
[Site "Hammelburg"]
[Date "2009.06.16"]
[Round "2.14"]
[White "Tezcan, Emre"]
[Black "Sirch, Franz"]
[Result "1-0"]
[WhiteElo "2039"]
[BlackElo "2172"]
[PlyCount "91"]
[EventDate "2009.06.??"]
[EventType "swiss"]
[EventRounds "7"]
[EventCountry "GER"]
[SourceDate "2000.01.03"]

1. e4 c5 2. Nf3 Nc6 3. d4 cxd4 4. Nxd4 e5 5. Nb5 d6 6. N1c3 a6 7. Na3 b5 8. Nd5
Nf6 9. Bg5 Be7 10. Bxf6 Bxf6 11. c3 Bg5 12. Bd3 O-O 13. O-O Bb7 14. Qg4 Bh6 15.
c4 b4 16. Nc2 a5 17. g3 Ne7 18. Nce3 Bxe3 19. fxe3 Nxd5 20. exd5 Qb6 21. Rae1
Bc8 22. Qg5 Ra7 23. Rf6 Qd8 24. Ref1 h6 25. Qh4 Re8 26. c5 gxf6 27. Rxf6 e4 28.
Bxe4 Qe7 29. Bh7+ Kh8 30. e4 Qxf6 31. Qxf6+ Kxh7 32. Qxd6 Rxe4 33. Qb8 Rd7 34.
Qxc8 Rxd5 35. Qb7 Rd1+ 36. Kf2 Rd2+ 37. Kf3 Ree2 38. Qxf7+ Kh8 39. Qf6+ Kh7 40.
Qf7+ Kh8 41. Kg4 Rxh2 42. c6 Rdf2 43. Qe8+ Kg7 44. c7 Kf6 45. Qc6+ Ke5 46. c8=Q
1-0

[Event "20th NATO Chess Ch"]
[Site "Hammelburg"]
[Date "2009.06.16"]
[Round "2.15"]
[White "Adkins, James"]
[Black "Van Rijn, Wouter"]
[Result "1/2-1/2"]
[WhiteElo "2015"]
[BlackElo "2161"]
[PlyCount "106"]
[EventDate "2009.06.??"]
[EventType "swiss"]
[EventRounds "7"]
[EventCountry "GER"]
[SourceDate "2000.01.03"]

1. f4 g6 2. e4 Bg7 3. d4 d5 4. e5 h5 5. Bd3 Nh6 6. Nf3 O-O 7. O-O Bf5 8. c3
Bxd3 9. Qxd3 e6 10. Na3 Nd7 11. b4 a5 12. b5 c5 13. bxc6 bxc6 14. Nc2 c5 15.
Ne3 Qc7 16. Ba3 Rfc8 17. Rfc1 Qa7 18. h3 Bf8 19. Qe2 cxd4 20. Bxf8 d3 21. Qxd3
Kxf8 22. Kh2 Nc5 23. Qd4 Ne4 24. c4 Qxd4 25. Nxd4 dxc4 26. Nxc4 Nf5 27. Nxf5
gxf5 28. Nb6 Rxc1 29. Rxc1 Rd8 30. Rc2 h4 31. Rc8 Rxc8 32. Nxc8 Nc3 33. a3 Ne2
34. Nd6 Nxf4 35. g3 hxg3+ 36. Kxg3 Nd5 37. Nc4 a4 38. Nb2 Nc3 39. Kf4 Kg7 40.
Kg5 f6+ 41. exf6+ Kf7 42. h4 Ne4+ 43. Kf4 Kxf6 44. Nxa4 e5+ 45. Ke3 Nd6 46. Nb2
f4+ 47. Kf2 Kf5 48. a4 e4 49. a5 Kg4 50. a6 Nb5 51. Nc4 Na7 52. h5 Kxh5 53. Nd6
e3+ 1/2-1/2

[Event "20th NATO Chess Ch"]
[Site "Hammelburg"]
[Date "2009.06.16"]
[Round "2.16"]
[White "De Waard, Marco"]
[Black "Krainski, Jaroslaw"]
[Result "0-1"]
[WhiteElo "2160"]
[BlackElo "2072"]
[PlyCount "70"]
[EventDate "2009.06.??"]
[EventType "swiss"]
[EventRounds "7"]
[EventCountry "GER"]
[SourceDate "2000.01.03"]

1. d4 Nf6 2. c4 e6 3. Nc3 Bb4 4. Qc2 d5 5. cxd5 Qxd5 6. Nf3 Qf5 7. Qxf5 exf5 8.
Bd2 c6 9. e3 O-O 10. Bc4 Nbd7 11. O-O Nb6 12. Bb3 Be6 13. Bxe6 fxe6 14. Ne5
Nfd7 15. Nxd7 Nxd7 16. Rfd1 Rfd8 17. Ne2 Bd6 18. Bc3 Rac8 19. Rac1 Nf6 20. f3
Kf7 21. Kf2 g5 22. h3 h5 23. b3 g4 24. hxg4 hxg4 25. Rh1 Rh8 26. Bd2 Rcg8 27.
Rxh8 Rxh8 28. Nc3 gxf3 29. Kxf3 Rg8 30. Be1 Ng4 31. e4 Nh2+ 32. Kf2 Bg3+ 33.
Ke2 Bxe1 34. Kxe1 Rxg2 35. exf5 Nf3+ 0-1

[Event "20th NATO Chess Ch"]
[Site "Hammelburg"]
[Date "2009.06.16"]
[Round "2.17"]
[White "Indbryn, Tommy"]
[Black "Ola, Nathaniel"]
[Result "1-0"]
[WhiteElo "2158"]
[BlackElo "1975"]
[PlyCount "133"]
[EventDate "2009.06.??"]
[EventType "swiss"]
[EventRounds "7"]
[EventCountry "GER"]
[SourceDate "2000.01.03"]

1. Nf3 Nf6 2. d4 g6 3. c4 Bg7 4. g3 d6 5. Bg2 O-O 6. O-O Nbd7 7. b3 c6 8. Bb2
d5 9. Nbd2 Re8 10. e4 dxe4 11. Ng5 h6 12. Ngxe4 Nxe4 13. Nxe4 Nf6 14. Re1 Bf5
15. Nd2 Ng4 16. Nf3 Qc7 17. Qe2 Rad8 18. Rad1 e5 19. h3 e4 20. Nd2 Nf6 21. Nf1
h5 22. Ne3 Qc8 23. Kh2 Kh7 24. Rd2 Rh8 25. Red1 Qc7 26. Kg1 Qc8 27. Kh2 Qc7 28.
d5 h4 29. Nxf5 gxf5 30. Bxf6 hxg3+ 31. fxg3 Bxf6 32. Qh5+ Kg7 33. Qxf5 e3 34.
Re2 Rde8 35. dxc6 bxc6 36. Qd7 Qe5 37. Qxc6 Rd8 38. Rd5 Qc3 39. Qc5 Rxd5 40.
Bxd5 Re8 41. Qxa7 Re7 42. Qa4 Qe5 43. Kg2 Re8 44. Qd7 Re7 45. Qg4+ Kf8 46. b4
Qc3 47. b5 Qb4 48. h4 Re5 49. Qd7 Re7 50. Qf5 Kg7 51. Qh5 Qc3 52. b6 Bd4 53. b7
Ba7 54. Qg5+ Kf8 55. Qh6+ Kg8 56. Qd6 Kf8 57. b8=Q+ Bxb8 58. Qxb8+ Kg7 59. Qf4
Qd3 60. Qf3 Kg8 61. c5 Kh7 62. Bxf7 Qd7 63. Bg6+ Kg7 (63... Kxg6 64. c6 Qe6 65.
c7 Rxc7 66. Qxe3 $18) 64. c6 Qc7 65. Be4 Qe5 66. Rxe3 Rf7 67. Qxf7+ 1-0

[Event "20th NATO Chess Ch"]
[Site "Hammelburg"]
[Date "2009.06.16"]
[Round "2.18"]
[White "Mestek, Igor"]
[Black "Kartal, Koray"]
[Result "1-0"]
[WhiteElo "2158"]
[BlackElo "1958"]
[PlyCount "63"]
[EventDate "2009.06.??"]
[EventType "swiss"]
[EventRounds "7"]
[EventCountry "GER"]
[SourceDate "2000.01.03"]

1. e4 e5 2. Nf3 Nc6 3. d4 exd4 4. Nxd4 Bc5 5. Be3 Qf6 6. c3 Nge7 7. g3 d5 8.
Bg2 dxe4 9. Nb5 Bxe3 10. Nxc7+ Kf8 11. O-O Rb8 12. fxe3 Qe5 13. Qb3 f6 14. Nb5
Be6 15. Qa4 f5 16. N1a3 g6 17. Qxe4 Qxe4 18. Bxe4 Kg7 19. Bg2 Rbd8 20. Nd4 Bf7
21. Nab5 Rd7 22. e4 fxe4 23. Bh3 Nf5 24. Bxf5 gxf5 25. Nxf5+ Kg6 26. Nbd6 Bd5
27. Rad1 Be6 28. Nh4+ Kh5 29. Rf6 Bg4 30. Rd5+ Bf5 31. Rdxf5+ Kg4 32. Kg2 1-0

[Event "20th NATO Chess Ch"]
[Site "Hammelburg"]
[Date "2009.06.16"]
[Round "2.19"]
[White "Dekker, Ard"]
[Black "Lillevold, Frode"]
[Result "0-1"]
[WhiteElo "1880"]
[BlackElo "2154"]
[PlyCount "76"]
[EventDate "2009.06.??"]
[EventType "swiss"]
[EventRounds "7"]
[EventCountry "GER"]
[SourceDate "2000.01.03"]

1. d4 d5 2. c4 e6 3. Nc3 c6 4. e3 Nf6 5. Nf3 Nbd7 6. Bd3 dxc4 7. Bxc4 b5 8. Bd3
a6 9. a3 c5 10. O-O Bb7 11. Qe2 Bd6 12. Rd1 O-O 13. dxc5 Nxc5 14. b4 Nxd3 15.
Rxd3 Qe7 16. e4 e5 17. Bb2 Rad8 18. Rad1 Bc7 19. Rxd8 Rxd8 20. Rxd8+ Qxd8 21.
Qd2 Qxd2 22. Nxd2 Bb6 23. Kf1 Ng4 24. f3 Ne3+ 25. Ke2 Nxg2 26. Nb3 Nf4+ 27. Kd2
f6 28. a4 bxa4 29. Nxa4 Bg1 30. Nbc5 Bc6 31. Nb6 Bb5 32. Na8 Bxh2 33. Nc7 Bg1
34. N5xa6 Bxa6 35. Nxa6 h5 36. Ke1 Be3 37. Kf1 h4 38. Bc3 h3 0-1

[Event "20th NATO Chess Ch"]
[Site "Hammelburg"]
[Date "2009.06.16"]
[Round "2.20"]
[White "Bieluszewski, Piotr"]
[Black "Papler, Peter"]
[Result "1-0"]
[WhiteElo "2153"]
[BlackElo "1500"]
[PlyCount "75"]
[EventDate "2009.06.??"]
[EventType "swiss"]
[EventRounds "7"]
[EventCountry "GER"]
[SourceDate "2000.01.03"]

1. e4 Nf6 2. e5 Nd5 3. d4 Nc6 4. f4 d6 5. Nf3 Bg4 6. c3 g6 7. Bc4 Nb6 8. Bxf7+
Kxf7 9. Ng5+ Ke8 10. Qxg4 Qd7 11. e6 Qc8 12. f5 Nd5 13. Nxh7 Rg8 14. O-O Nf6
15. Nxf6+ exf6 16. fxg6 Bg7 17. Qe4 Ke7 18. d5 Ne5 19. Bf4 Qe8 20. Bxe5 dxe5
21. Qb4+ Kd8 22. Qxb7 Rc8 23. Qxa7 Qxg6 24. Qa4 Qe8 25. Qe4 Qb5 26. b3 Qc5+ 27.
Kh1 Qb5 28. Nd2 Qe8 29. a4 Rh8 30. Rf3 Rb8 31. b4 Ke7 32. b5 Bh6 33. Nf1 Bf4
34. g3 Bg5 35. c4 Qh5 36. Rf2 Rh7 37. c5 Rbh8 38. b6 1-0

[Event "20th NATO Chess Ch"]
[Site "Hammelburg"]
[Date "2009.06.16"]
[Round "2.21"]
[White "Cuadrado, Lopez Francisco Jav"]
[Black "De Haan, Eric"]
[Result "0-1"]
[WhiteElo "1941"]
[BlackElo "2353"]
[PlyCount "62"]
[EventDate "2009.06.??"]
[EventType "swiss"]
[EventRounds "7"]
[EventCountry "GER"]
[SourceDate "2000.01.03"]

1. e4 c5 2. Nf3 e6 3. d3 Nc6 4. g3 d5 5. Nbd2 Nf6 6. Bg2 b6 7. O-O Be7 8. Re1
Qc7 9. c3 Ba6 10. Qc2 Rd8 11. e5 Nd7 12. d4 cxd4 13. cxd4 Rc8 14. Qa4 Nb4 15.
Nb3 b5 16. Qa3 Qb6 17. Nc5 Nxc5 18. Qxb4 Nd3 19. Qd2 Nxe1 20. Qxe1 b4 21. b3
O-O 22. Qd1 Rc3 23. Bd2 Rc7 24. Be3 Rfc8 25. Ne1 Qb5 26. Qg4 Qe2 27. Nf3 Bd3
28. Bh6 Bg6 29. Re1 Qxa2 30. Bg5 Bxg5 31. Nxg5 Rc1 0-1

[Event "20th NATO Chess Ch"]
[Site "Hammelburg"]
[Date "2009.06.16"]
[Round "2.22"]
[White "Hole, Oystein"]
[Black "Christen, Pierre"]
[Result "1/2-1/2"]
[WhiteElo "2401"]
[BlackElo "2024"]
[PlyCount "52"]
[EventDate "2009.06.??"]
[EventType "swiss"]
[EventRounds "7"]
[EventCountry "GER"]
[SourceDate "2000.01.03"]

1. Nf3 Nf6 2. c4 c6 3. Nc3 d5 4. d4 dxc4 5. a4 Na6 6. e4 Bg4 7. Bxc4 e6 8. Be3
Nb4 9. O-O Be7 10. Rc1 O-O 11. Qe2 a6 12. Rfd1 Qc7 13. h3 Bxf3 14. Qxf3 Rac8
15. g4 Rfd8 16. g5 Nd7 17. h4 c5 18. Bf4 Bd6 19. e5 cxd4 20. Ne2 Bc5 21. h5 Qc6
22. Qg4 Nf8 23. Bd2 d3 24. Bxb4 dxe2 25. Bxe2 Rxd1+ 26. Rxd1 Qxa4 1/2-1/2

[Event "20th NATO Chess Ch"]
[Site "Hammelburg"]
[Date "2009.06.16"]
[Round "2.23"]
[White "Helbig, Mark"]
[Black "Szczesniak, Andrzej"]
[Result "1-0"]
[WhiteElo "2337"]
[BlackElo "2087"]
[PlyCount "69"]
[EventDate "2009.06.??"]
[EventType "swiss"]
[EventRounds "7"]
[EventCountry "GER"]
[SourceDate "2000.01.03"]

1. d4 Nf6 2. c4 c5 3. d5 e6 4. Nc3 exd5 5. cxd5 Bd6 6. g3 O-O 7. Bg2 Re8 8. Nf3
Bc7 9. O-O d6 10. h3 a6 11. a4 Nbd7 12. Nd2 Rb8 13. Qb3 Nf8 14. e4 Bd7 15. Qc2
b5 16. axb5 axb5 17. b3 b4 18. Nd1 Bb5 19. Nc4 N6d7 20. Bb2 Nb6 21. Nde3 Bxc4
22. Nxc4 Nxc4 23. Qxc4 Nd7 24. f4 Ra8 25. Rxa8 Qxa8 26. e5 Nb6 27. Qb5 Qd8 28.
Re1 dxe5 29. fxe5 f6 30. d6 Bb8 31. Rd1 fxe5 32. d7 Rf8 33. Kh2 Rf2 34. Qxb6
Bc7 35. Qxc7 1-0

[Event "20th NATO Chess Ch"]
[Site "Hammelburg"]
[Date "2009.06.16"]
[Round "2.24"]
[White "Karbowiak, Adam"]
[Black "Cimer, Stefan"]
[Result "1-0"]
[WhiteElo "2217"]
[BlackElo "2150"]
[PlyCount "49"]
[EventDate "2009.06.??"]
[EventType "swiss"]
[EventRounds "7"]
[EventCountry "GER"]
[SourceDate "2000.01.03"]

1. Nf3 Nf6 2. g3 g6 3. b4 Bg7 4. Bb2 O-O 5. c4 d6 6. d3 c6 7. Nbd2 b6 8. Bg2
Bb7 9. O-O Qc7 10. Qc2 Nbd7 11. a3 a6 12. d4 Rfe8 13. c5 b5 14. e4 Rac8 15.
Rfe1 Nf8 16. Rac1 Qd7 17. Nb3 d5 18. Ne5 Qd8 19. f3 e6 20. Na5 Ba8 21. a4 Re7
22. axb5 axb5 23. Ra1 Ne8 24. Red1 Nc7 25. Nexc6 1-0

[Event "20th NATO Chess Ch"]
[Site "Hammelburg"]
[Date "2009.06.16"]
[Round "2.25"]
[White "Toll, Alec"]
[Black "Nielsen, Rene O."]
[Result "1-0"]
[WhiteElo "2084"]
[BlackElo "2187"]
[PlyCount "45"]
[EventDate "2009.06.??"]
[EventType "swiss"]
[EventRounds "7"]
[EventCountry "GER"]
[SourceDate "2000.01.03"]

1. d4 Nf6 2. Nf3 e6 3. Bg5 d5 4. Nbd2 Be7 5. e3 O-O 6. Bd3 Nbd7 7. O-O c6 8. c3
Qc7 9. e4 e5 10. dxe5 Nxe5 11. Nxe5 Qxe5 12. f4 Qc7 13. e5 Bc5+ 14. Kh1 Ne8 15.
Qh5 g6 16. Qh4 Ng7 17. g4 Re8 18. Nf3 Be7 19. Bf6 Bf8 20. h3 h5 21. Rg1 Ne6 22.
gxh5 Nxf4 23. hxg6 1-0

[Event "20th NATO Chess Ch"]
[Site "Hammelburg"]
[Date "2009.06.16"]
[Round "2.26"]
[White "Engelen, Johan"]
[Black "L'Henoret, Thierry"]
[Result "0-1"]
[WhiteElo "1981"]
[BlackElo "2158"]
[PlyCount "83"]
[EventDate "2009.06.??"]
[EventType "swiss"]
[EventRounds "7"]
[EventCountry "GER"]
[SourceDate "2000.01.03"]

1. c4 Nf6 2. g3 c6 3. Bg2 d5 4. Nf3 Nbd7 5. d3 e5 6. O-O Bd6 7. Bd2 Qe7 8. Qc2
O-O 9. a3 a5 10. Nc3 d4 11. Ne4 Nxe4 12. dxe4 a4 13. e3 c5 14. Rfc1 g6 15. b4
axb3 16. Qxb3 Nf6 17. Qc2 Ng4 18. exd4 exd4 19. Bf4 f6 20. Ne1 Ne5 21. Nd3 Nxd3
22. Qxd3 Bxf4 23. gxf4 Qd6 24. Rcb1 Qxf4 25. Rb5 Qd6 26. Rab1 Ra6 27. R1b3 Rf7
28. e5 Qxe5 29. Bd5 Be6 30. Bxb7 Ra4 31. Bd5 Bxd5 32. cxd5 Qxd5 33. Qc2 Re7 34.
Qd1 Ra8 35. Qf3 Rd8 36. Qxd5+ Rxd5 37. Rd3 Red7 38. Rb6 c4 39. Rb8+ Kg7 40. Rd1
Rc5 41. Rbb1 c3 42. Rbc1 0-1

[Event "20th NATO Chess Ch"]
[Site "Hammelburg"]
[Date "2009.06.16"]
[Round "2.27"]
[White "Erhan, Ersin"]
[Black "Kedzierski, Slawomir"]
[Result "1-0"]
[WhiteElo "1928"]
[BlackElo "2069"]
[PlyCount "101"]
[EventDate "2009.06.??"]
[EventType "swiss"]
[EventRounds "7"]
[EventCountry "GER"]
[SourceDate "2000.01.03"]

1. d4 Nf6 2. c4 d6 3. Nc3 g6 4. Nf3 Bg7 5. e4 O-O 6. Be2 Nbd7 7. O-O e5 8. dxe5
dxe5 9. Qc2 c6 10. b4 Re8 11. Rd1 Qc7 12. a4 a5 13. b5 Bf8 14. Bg5 h6 15. Bh4
Nh5 16. Ne1 Nf4 17. Nd3 Ne6 18. Bg4 h5 19. Bxe6 Rxe6 20. Bg5 Re8 21. Rd2 Nc5
22. Be3 Ne6 23. Ne2 Bg7 24. Rf1 Nd4 25. Nxd4 exd4 26. Bf4 Qe7 27. f3 c5 28. Bg3
b6 29. Re2 g5 30. Qc1 Bd7 31. h3 f5 32. Bc7 Qf6 33. e5 Qg6 34. e6 Rxe6 35. Rxe6
Qxe6 36. Qxg5 Qe3+ 37. Qxe3 dxe3 38. Bxb6 Bd4 39. Re1 Re8 40. Re2 Be6 41. Nb2
Bxb2 42. Rxb2 Bxc4 43. Bxa5 e2 44. Be1 Ra8 45. a5 Bd5 46. Kf2 Re8 47. a6 Rb8
48. a7 Ra8 49. Rd2 Bc4 50. b6 Ba6 51. Rd7 1-0

[Event "20th NATO Chess Ch"]
[Site "Hammelburg"]
[Date "2009.06.16"]
[Round "2.28"]
[White "Lukjanovas, Vladas"]
[Black "Giua, Fréderic"]
[Result "0-1"]
[WhiteElo "1902"]
[BlackElo "2223"]
[PlyCount "88"]
[EventDate "2009.06.??"]
[EventType "swiss"]
[EventRounds "7"]
[EventCountry "GER"]
[SourceDate "2000.01.03"]

1. Nf3 c5 2. d4 cxd4 3. Nxd4 g6 4. g3 Bg7 5. Bg2 Nc6 6. c3 d5 7. O-O Nf6 8. Nd2
O-O 9. Nxc6 bxc6 10. e4 e6 11. Re1 Qb6 12. Nb3 Nxe4 13. Be3 Qc7 14. f3 Nd6 15.
Bf1 e5 16. Bc5 Rd8 17. Qe2 Nb7 18. Bf2 c5 19. Rac1 c4 20. Nd2 Nc5 21. Qe3 Ne6
22. Red1 Bb7 23. h4 h5 24. Bh3 Kh7 25. Bxe6 fxe6 26. g4 Bh6 27. g5 Bg7 28. Bg3
Rf8 29. Rf1 Rf5 30. Kh2 Raf8 31. Rf2 Qa5 32. b4 Qxa2 33. Ne4 Qa3 34. Nd6 d4 35.
Qd2 Rxf3 36. Nxb7 Rxf2+ 37. Bxf2 Rxf2+ 38. Qxf2 Qxc1 39. cxd4 Qf4+ 40. Qxf4
exf4 41. Na5 c3 42. Nb3 c2 43. Kg2 Bxd4 44. Kf3 Be3 0-1

[Event "20th NATO Chess Ch"]
[Site "Hammelburg"]
[Date "2009.06.16"]
[Round "2.29"]
[White "Onley, David"]
[Black "Benedetti, Fabrizio"]
[Result "1-0"]
[WhiteElo "1952"]
[BlackElo "2191"]
[PlyCount "81"]
[EventDate "2009.06.??"]
[EventType "swiss"]
[EventRounds "7"]
[EventCountry "GER"]
[SourceDate "2000.01.03"]

1. e4 c5 2. Nf3 Nc6 3. Bb5 Qc7 4. O-O d6 5. h3 Bd7 6. c3 a6 7. Bxc6 Bxc6 8. d4
Bxe4 9. d5 Nf6 10. c4 g6 11. Re1 Bg7 12. Nc3 Bxf3 13. Qxf3 O-O 14. Bg5 Rfe8 15.
Re3 h6 16. Bh4 Rab8 17. a4 g5 18. Bg3 Nd7 19. Qf5 Bxc3 20. bxc3 Nf8 21. Rae1
Ng6 22. Re6 Kg7 23. Bxd6 exd6 24. Rxe8 Rxe8 25. Rxe8 Qa5 26. Qc8 Qxc3 27. Re3
Qxc4 28. Qxb7 Qxa4 29. Qc6 Qd1+ 30. Kh2 Nf4 31. Qxd6 Qxd5 32. Qxd5 Nxd5 33. Re5
Nc3 34. Rxc5 Ne4 35. Rc2 Kf6 36. f3 Nd6 37. Ra2 Ke6 38. Rxa6 f5 39. Kg3 h5 40.
h4 g4 41. fxg4 1-0

[Event "20th NATO Chess Ch"]
[Site "Hammelburg"]
[Date "2009.06.16"]
[Round "2.30"]
[White "Delforge, Guy"]
[Black "Mankauskas, Donatas"]
[Result "1/2-1/2"]
[WhiteElo "2173"]
[BlackElo "1950"]
[PlyCount "62"]
[EventDate "2009.06.??"]
[EventType "swiss"]
[EventRounds "7"]
[EventCountry "GER"]
[SourceDate "2000.01.03"]

1. e4 e6 2. d4 d5 3. Nd2 Nf6 4. e5 Nfd7 5. g3 c5 6. c3 Nc6 7. Ndf3 Qa5 8. Ne2
cxd4 9. Nfxd4 Ndxe5 10. Bg2 Bd7 11. O-O Ng6 12. Kh1 Nge7 13. f4 g6 14. g4 h5
15. f5 hxg4 16. fxe6 fxe6 17. Nxc6 Nxc6 18. Ng3 Bh6 19. Qxg4 O-O-O 20. b4 Qc7
21. Bxh6 Rxh6 22. Qf4 Qxf4 23. Rxf4 Rdh8 24. Nf1 e5 25. Rf7 e4 26. Rd1 Ne5 27.
Re7 Nd3 28. Kg1 Bc6 29. a4 Nf4 30. b5 Bd7 31. c4 Nxg2 1/2-1/2

[Event "20th NATO Chess Ch"]
[Site "Hammelburg"]
[Date "2009.06.16"]
[Round "2.31"]
[White "Tommasini, Enzo"]
[Black "Bublys, Vaidotas"]
[Result "1/2-1/2"]
[WhiteElo "2171"]
[BlackElo "1930"]
[PlyCount "127"]
[EventDate "2009.06.??"]
[EventType "swiss"]
[EventRounds "7"]
[EventCountry "GER"]
[SourceDate "2000.01.03"]

1. d4 d5 2. c4 c6 3. Nf3 Nf6 4. Nbd2 e6 5. g3 Bd6 6. Bg2 O-O 7. O-O Nbd7 8. Qc2
e5 9. cxd5 cxd5 10. dxe5 Nxe5 11. Nxe5 Bxe5 12. Nf3 Bd6 13. Bg5 h6 14. Be3 Be6
15. Bd4 Rc8 16. Qb3 b6 17. Rad1 Bc5 18. e3 Qe7 19. Rc1 Rfd8 20. Qa4 Qd7 21.
Qxd7 Nxd7 22. Bc3 b5 23. Bd4 Bb6 24. Bxb6 Nxb6 25. Nd4 a6 26. h3 Rxc1 27. Rxc1
Rc8 28. Rxc8+ Bxc8 29. b3 Bb7 30. Kf1 Kf8 31. Ke2 Nd7 32. Kd2 Nc5 33. b4 Nd7
34. Nb3 Nb6 35. Kd3 Ke7 36. Nc5 Bc8 37. Kd4 Kd6 38. g4 Kc6 39. Nd3 Kd6 40. f4
g6 41. Nc5 g5 42. f5 f6 43. e4 dxe4 44. Nxe4+ Ke7 45. Kc5 Nd7+ 46. Kc6 Ne5+ 47.
Kc7 Bd7 48. Nc5 Be8 49. Nxa6 Nc4 50. Nb8 h5 51. Nc6+ Kf8 52. Nd4 hxg4 53. hxg4
Ne5 54. Bf1 Nxg4 55. Bxb5 Bxb5 56. Nxb5 Ne3 57. Nd4 Nd5+ 58. Kd6 Nxb4 59. a4 g4
60. Ne6+ Kg8 61. a5 Na6 62. Ke7 g3 63. Nf4 Kg7 64. Ke6 1/2-1/2

[Event "20th NATO Chess Ch"]
[Site "Hammelburg"]
[Date "2009.06.16"]
[Round "2.32"]
[White "De Cat, Ben"]
[Black "Silva, Jose Luis"]
[Result "0-1"]
[WhiteElo "1920"]
[BlackElo "2159"]
[PlyCount "92"]
[EventDate "2009.06.??"]
[EventType "swiss"]
[EventRounds "7"]
[EventCountry "GER"]
[SourceDate "2000.01.03"]

1. d3 g6 2. e4 Bg7 3. g4 d5 4. Nd2 e5 5. Be2 Ne7 6. c3 O-O 7. h4 Nbc6 8. h5 h6
9. Qc2 f5 10. hxg6 fxg4 11. exd5 Nxd5 12. Ne4 Nf4 13. Be3 Ng2+ 14. Kd2 Nxe3 15.
fxe3 Bf5 16. Qb3+ Kh8 17. Nc5 Qg5 18. Ne6 Qxg6 19. Nxf8 Rxf8 20. Rd1 h5 21. Nf3
Be6 22. Nh4 Qh6 23. Qxb7 Bd5 24. Bxg4 Bxh1 25. Rxh1 Rf2+ 26. Be2 e4 27. Qc8+
Kh7 28. Nf5 Qg6 29. Nxg7 Rxe2+ 30. Kd1 Kxg7 31. Qxc7+ Kh6 32. Qf4+ Kg7 33. Rh3
Rg2 34. dxe4 Rg1+ 35. Kc2 Qg2+ 36. Kb3 Na5+ 37. Ka4 Qxh3 38. Kxa5 Rg6 39. b4
Qd7 40. Qe5+ Rf6 41. Qg5+ Rg6 42. Qxh5 Qc7+ 43. Kb5 Qxc3 44. Qd5 Rb6+ 45. Ka4
Qc2+ 46. Qb3 Ra6+ 0-1

[Event "20th NATO Chess Ch"]
[Site "Hammelburg"]
[Date "2009.06.16"]
[Round "2.33"]
[White "Kocur, Marc"]
[Black "Picart, Laurent"]
[Result "0-1"]
[WhiteElo "1919"]
[BlackElo "2148"]
[PlyCount "66"]
[EventDate "2009.06.??"]
[EventType "swiss"]
[EventRounds "7"]
[EventCountry "GER"]
[SourceDate "2000.01.03"]

1. d4 Nf6 2. Nf3 e6 3. e3 b6 4. Bd3 Bb7 5. Nbd2 c5 6. b3 Be7 7. O-O O-O 8. Bb2
Nc6 9. a3 Qc7 10. Re1 a6 11. Rc1 d6 12. c3 Rfd8 13. e4 e5 14. Nf1 Bf8 15. Ne3
Ne7 16. Nd2 Ng6 17. g3 Re8 18. Qf3 Red8 19. Nd5 Nxd5 20. exd5 exd4 21. cxd4 Ne7
22. dxc5 bxc5 23. Qh5 g6 24. Ne4 Bg7 25. Qe2 Nxd5 26. Bxg7 Kxg7 27. Qb2+ f6 28.
Ng5 Qd7 29. Bc4 Qf5 30. f4 Nxf4 31. gxf4 Qg4+ 32. Kf1 Qxf4+ 33. Kg1 Qxg5+ 0-1